Diseño del manual de higiene y seguridad de los laboratorios de fundición, soldadura y taller de máquinas-herramientas del departamento de talleres de la Facultad de Tecnología de la Industria-RUPAP
El estudio consiste para mejorar las normativas y procedimientos en materia de higiene y seguridad en los laboratorios de fundición, soldadura y el taller de máquinas-herramientas de la Facultad de Tecnología de la Industria, identificando las deficiencias informativas de los usuarios en materia...
| Main Authors: | , |
|---|---|
| Other Authors: | |
| Format: | Tesis Section = Libro |
| Language: | Undetermined Spanish |
| Published: |
Managua
UNI
2022
|
| Subjects: |
| LEADER | 01292nam a2200265Ia 4500 | ||
|---|---|---|---|
| 008 | 240830s9999 xx 000 0 und d | ||
| 040 | |a BIBLIOTECA-RUPAP/ Mon 363.11 C824 | ||
| 041 | |a spa | ||
| 082 | |a Mon 363.11 C824 | ||
| 100 | 1 | |a Corea Castillo, Jennifer Anielka | |
| 100 | 1 | |b Gutiérrez Flores, Yokasta Zenelia | |
| 245 | 1 | 0 | |a Diseño del manual de higiene y seguridad de los laboratorios de fundición, soldadura y taller de máquinas-herramientas del departamento de talleres de la Facultad de Tecnología de la Industria-RUPAP |
| 260 | |a Managua |b UNI |c 2022 | ||
| 300 | |a 101 p. :il. | ||
| 500 | |a Contiene: anexos y CD. | ||
| 502 | |a Tesis (Ingeniero Industrial) - UNI, 2022. | ||
| 520 | 3 | |a El estudio consiste para mejorar las normativas y procedimientos en materia de higiene y seguridad en los laboratorios de fundición, soldadura y el taller de máquinas-herramientas de la Facultad de Tecnología de la Industria, identificando las deficiencias informativas de los usuarios en materia de Seguridad y uso de los equipos. | |
| 650 | 7 | |a SEGURIDAD INDUSTRIAL | |
| 650 | 7 | |b ACCIDENTES DE TRABAJO | |
| 650 | 7 | |c SEGURIDAD OCUPACIONAL | |
| 650 | 7 | |d SALUD OCUPACIONAL | |
| 700 | 1 | |a Tutor: |b Martínez Cano, Melvis Daviel | |
| 942 | |c BK |2 ddc | ||
| 991 | |a TESIS | ||
| 999 | |c 19137 | ||